On growth and form /
Guardado en:
| Autor Principal: | |
|---|---|
| Otros Autores: | , |
| Formato: | Libro |
| Idioma: | English |
| Publicado: |
Cambridge :
Cambrigde University Press,
1992, c1961.
|
| Edición: | An abridged ed. / |
| Materias: | |
| Etiquetas: |
Agregar Etiqueta
Sin Etiquetas, Sea el primero en etiquetar este registro!
|
| LEADER | 00983nam a22002651a 4500 | ||
|---|---|---|---|
| 001 | MAT.inmabb003234 | ||
| 008 | 850920t19921961enka#####b####001#0#eng## | ||
| 005 | 20130225112655.0 | ||
| 245 | 1 | 0 | |a On growth and form / |c by D'Arcy Wentworth Thompson. |
| 250 | |a An abridged ed. / |b edited by John Tyler Bonner. | ||
| 260 | |a Cambridge : |b Cambrigde University Press, |c 1992, c1961. | ||
| 300 | |a xxii, 345 p., [2] p. de láms. : |b il. ; |c 22 cm. | ||
| 500 | |a Prólogo: This was a man / Stephen Jay Gould. | ||
| 500 | |a "Canto edition". | ||
| 500 | |a Publicado originalmente en 1917, y en forma abreviada en 1961. | ||
| 504 | |a Incluye referencias bibliográficas e índice. | ||
| 510 | 4 | |a MR, |c 23 #B1601 | |
| 020 | |a 0521437768 (pbk.) | ||
| 100 | 1 | |a Thompson, D'Arcy Wentworth, |d 1860-1948. | |
| 700 | 1 | |a Bonner, John Tyler. |4 edt | |
| 700 | 1 | |a Gould, Stephen Jay. |4 aui | |
| 650 | 0 | |a Growth. | |
| 650 | 0 | |a Morphology (Animals) | |
| 084 | |a 92 |2 msc2000 | ||
| 859 | |h 92 |i T468 |p A-7320 |b BIB. MATEMATICA | ||
